| 000 | 00613nam a2200193 4500 | ||
|---|---|---|---|
| 001 | 111781 | ||
| 003 | ES-MaACL | ||
| 005 | 20231227200024.0 | ||
| 007 | t| | ||
| 008 | 061121s1999 sp r ||||1| spa d | ||
| 245 | 0 | 0 |
_aOrientaciones terapéuticas actuales / _cpor los doctores M. Aguirre de Jaca [et. al.] ; prólogo de C. Jiménez-Díaz. |
| 250 | _a2ª. ed. | ||
| 260 |
_aMadrid : _bPaz Montalvo, _c1954. |
||
| 300 |
_a900 p. ; _c24 cm. |
||
| 700 | 1 |
_aAguirre de Jaca, M. _918867 |
|
| 700 | 1 |
_aJiménez Díaz, Carlos, _d1898-1967 _966515 |
|
| 852 |
_aES-MaACL _jC-8292 _bR.36442 |
||
| 999 |
_c111781 _d111781 |
||